<?xml version="1.0" encoding="UTF-8"?>
<record
    xmlns:xsi="http://www.w3.org/2001/XMLSchema-instance"
    xsi:schemaLocation="http://www.loc.gov/MARC21/slim http://www.loc.gov/standards/marcxml/schema/MARC21slim.xsd"
    xmlns="http://www.loc.gov/MARC21/slim">

  <leader>00962cam a2200253 a 4500</leader>
  <controlfield tag="001">AUC_OC_81809</controlfield>
  <controlfield tag="003">OSt</controlfield>
  <controlfield tag="005">20150408113752.0</controlfield>
  <controlfield tag="008">091205s2008____su     g      000 0 ara c</controlfield>
  <datafield tag="040" ind1=" " ind2=" ">
    <subfield code="a">MU</subfield>
    <subfield code="b">ara</subfield>
    <subfield code="c">MB</subfield>
  </datafield>
  <datafield tag="082" ind1="0" ind2="4">
    <subfield code="a">237.3</subfield>
    <subfield code="2">21</subfield>
  </datafield>
  <datafield tag="082" ind1="0" ind2=" ">
    <subfield code="a">237.3</subfield>
    <subfield code="b">&#x637; &#x633; &#x643;</subfield>
    <subfield code="2">21</subfield>
  </datafield>
  <datafield tag="100" ind1="1" ind2=" ">
    <subfield code="a">&#x627;&#x644;&#x637;&#x628;&#x631;&#x627;&#x646;&#x64A;&#x60C; &#x633;&#x644;&#x64A;&#x645;&#x627;&#x646; &#x628;&#x646; &#x623;&#x62D;&#x645;&#x62F; &#x628;&#x646; &#x623;&#x64A;&#x648;&#x628;&#x60C;</subfield>
    <subfield code="d">260-360 &#x647;&#x640;.</subfield>
    <subfield code="9">5155</subfield>
  </datafield>
  <datafield tag="245" ind1="1" ind2="0">
    <subfield code="a">&#x643;&#x62A;&#x627;&#x628; &#x627;&#x644;&#x62F;&#x639;&#x627;&#x621; /</subfield>
    <subfield code="c">&#x623;&#x628;&#x648; &#x627;&#x644;&#x642;&#x627;&#x633;&#x645; &#x633;&#x644;&#x64A;&#x645;&#x627;&#x646; &#x628;&#x646; &#x623;&#x62D;&#x645;&#x62F; &#x627;&#x644;&#x637;&#x628;&#x631;&#x627;&#x646;&#x64A; &#x61B; &#x62A;&#x62D;&#x642;&#x64A;&#x642; &#x645;&#x62D;&#x645;&#x62F; &#x633;&#x639;&#x64A;&#x62F; &#x628;&#x646; &#x645;&#x62D;&#x645;&#x62F; &#x62D;&#x633;&#x646; &#x627;&#x644;&#x628;&#x62E;&#x627;&#x631;&#x64A;.</subfield>
  </datafield>
  <datafield tag="246" ind1="3" ind2="0">
    <subfield code="a">&#x627;&#x644;&#x62F;&#x639;&#x627;&#x621;</subfield>
  </datafield>
  <datafield tag="250" ind1=" " ind2=" ">
    <subfield code="a">&#x637;. 1.</subfield>
  </datafield>
  <datafield tag="260" ind1=" " ind2=" ">
    <subfield code="a">&#x627;&#x644;&#x631;&#x64A;&#x627;&#x636; :</subfield>
    <subfield code="b">&#x645;&#x643;&#x62A;&#x628;&#x629; &#x627;&#x644;&#x631;&#x634;&#x62F;&#x60C;</subfield>
    <subfield code="c">2008</subfield>
  </datafield>
  <datafield tag="300" ind1=" " ind2=" ">
    <subfield code="a">3 &#x62C;. &#x61B;</subfield>
    <subfield code="c">24 &#x633;&#x645;.</subfield>
  </datafield>
  <datafield tag="650" ind1=" " ind2="7">
    <subfield code="a">&#x627;&#x644;&#x623;&#x62F;&#x639;&#x64A;&#x629; &#x648;&#x627;&#x644;&#x623;&#x648;&#x631;&#x627;&#x62F;</subfield>
    <subfield code="2">aucsh</subfield>
    <subfield code="9">1677</subfield>
  </datafield>
  <datafield tag="700" ind1="1" ind2=" ">
    <subfield code="a">&#x627;&#x644;&#x628;&#x62E;&#x627;&#x631;&#x64A;&#x60C; &#x645;&#x62D;&#x645;&#x62F; &#x633;&#x639;&#x64A;&#x62F; &#x628;&#x646; &#x645;&#x62D;&#x645;&#x62F; &#x62D;&#x633;&#x646;</subfield>
    <subfield code="e">&#x645;&#x62D;&#x642;&#x642;.</subfield>
    <subfield code="9">5156</subfield>
  </datafield>
  <datafield tag="942" ind1=" " ind2=" ">
    <subfield code="2">ddc</subfield>
    <subfield code="c">DVD</subfield>
  </datafield>
  <datafield tag="949" ind1=" " ind2=" ">
    <subfield code="a">OQUL</subfield>
    <subfield code="c">237.3</subfield>
    <subfield code="d">2009/12/5</subfield>
    <subfield code="n">5</subfield>
    <subfield code="u">ibraheem</subfield>
  </datafield>
  <datafield tag="949" ind1=" " ind2=" ">
    <subfield code="a">ARUC</subfield>
    <subfield code="n">1</subfield>
    <subfield code="d">2011/5/17</subfield>
    <subfield code="u">training</subfield>
  </datafield>
  <datafield tag="999" ind1=" " ind2=" ">
    <subfield code="c">4063</subfield>
    <subfield code="d">238563</subfield>
  </datafield>
  <datafield tag="952" ind1=" " ind2=" ">
    <subfield code="1">0</subfield>
    <subfield code="2">2013-03-10</subfield>
    <subfield code="4">0</subfield>
    <subfield code="7">0</subfield>
    <subfield code="a">237.3 &#xD9;&#x85;&#xD8;&#xAC;1 &#xD8;&#xB7; &#xD8;&#xB3; &#xD9;&#x83;</subfield>
    <subfield code="d">2011-10-06</subfield>
    <subfield code="h">CL</subfield>
    <subfield code="i">00069789</subfield>
    <subfield code="m">CL</subfield>
    <subfield code="r">2013-03-10 00:00:00</subfield>
    <subfield code="t">BOOK</subfield>
    <subfield code="w">ddc</subfield>
    <subfield code="y">0</subfield>
  </datafield>
  <datafield tag="952" ind1=" " ind2=" ">
    <subfield code="1">0</subfield>
    <subfield code="2">2013-03-10</subfield>
    <subfield code="4">0</subfield>
    <subfield code="7">0</subfield>
    <subfield code="a">237.3 &#xD9;&#x85;&#xD8;&#xAC;1 &#xD8;&#xB7; &#xD8;&#xB3; &#xD9;&#x83;</subfield>
    <subfield code="d">2011-10-06</subfield>
    <subfield code="h">CL</subfield>
    <subfield code="i">00069791</subfield>
    <subfield code="m">CL</subfield>
    <subfield code="r">2013-03-10 00:00:00</subfield>
    <subfield code="t">BOOK</subfield>
    <subfield code="w">ddc</subfield>
    <subfield code="y">0</subfield>
  </datafield>
  <datafield tag="952" ind1=" " ind2=" ">
    <subfield code="1">0</subfield>
    <subfield code="2">2013-03-10</subfield>
    <subfield code="4">0</subfield>
    <subfield code="7">0</subfield>
    <subfield code="a">237.3 &#xD9;&#x85;&#xD8;&#xAC;1 &#xD8;&#xB7; &#xD8;&#xB3; &#xD9;&#x83;</subfield>
    <subfield code="d">2011-10-06</subfield>
    <subfield code="h">CL</subfield>
    <subfield code="i">00069796</subfield>
    <subfield code="m">CL</subfield>
    <subfield code="r">2013-03-10 00:00:00</subfield>
    <subfield code="t">BOOK</subfield>
    <subfield code="w">ddc</subfield>
    <subfield code="y">0</subfield>
  </datafield>
  <datafield tag="952" ind1=" " ind2=" ">
    <subfield code="1">0</subfield>
    <subfield code="2">2013-03-10</subfield>
    <subfield code="4">0</subfield>
    <subfield code="7">0</subfield>
    <subfield code="a">237.3 &#xD9;&#x85;&#xD8;&#xAC;2 &#xD8;&#xB7; &#xD8;&#xB3; &#xD9;&#x83;</subfield>
    <subfield code="d">2011-10-06</subfield>
    <subfield code="h">CL</subfield>
    <subfield code="i">00069794</subfield>
    <subfield code="m">CL</subfield>
    <subfield code="r">2013-03-10 00:00:00</subfield>
    <subfield code="t">BOOK</subfield>
    <subfield code="w">ddc</subfield>
    <subfield code="y">0</subfield>
  </datafield>
  <datafield tag="952" ind1=" " ind2=" ">
    <subfield code="1">0</subfield>
    <subfield code="2">2013-03-10</subfield>
    <subfield code="4">0</subfield>
    <subfield code="7">0</subfield>
    <subfield code="a">237.3 &#xD9;&#x85;&#xD8;&#xAC;2 &#xD8;&#xB7; &#xD8;&#xB3; &#xD9;&#x83;</subfield>
    <subfield code="d">2011-10-06</subfield>
    <subfield code="h">CL</subfield>
    <subfield code="i">00069790</subfield>
    <subfield code="m">CL</subfield>
    <subfield code="r">2013-03-10 00:00:00</subfield>
    <subfield code="t">BOOK</subfield>
    <subfield code="w">ddc</subfield>
    <subfield code="y">0</subfield>
  </datafield>
  <datafield tag="952" ind1=" " ind2=" ">
    <subfield code="1">0</subfield>
    <subfield code="2">2013-03-10</subfield>
    <subfield code="4">0</subfield>
    <subfield code="7">0</subfield>
    <subfield code="a">237.3 &#xD9;&#x85;&#xD8;&#xAC;2 &#xD8;&#xB7; &#xD8;&#xB3; &#xD9;&#x83;</subfield>
    <subfield code="d">2011-10-06</subfield>
    <subfield code="h">CL</subfield>
    <subfield code="i">00069788</subfield>
    <subfield code="m">CL</subfield>
    <subfield code="r">2013-03-10 00:00:00</subfield>
    <subfield code="t">BOOK</subfield>
    <subfield code="w">ddc</subfield>
    <subfield code="y">0</subfield>
  </datafield>
  <datafield tag="952" ind1=" " ind2=" ">
    <subfield code="1">0</subfield>
    <subfield code="2">2013-03-10</subfield>
    <subfield code="4">0</subfield>
    <subfield code="7">0</subfield>
    <subfield code="a">237.3 &#xD9;&#x85;&#xD8;&#xAC;3 &#xD8;&#xB7; &#xD8;&#xB3; &#xD9;&#x83;</subfield>
    <subfield code="d">2011-10-06</subfield>
    <subfield code="h">CL</subfield>
    <subfield code="i">00069795</subfield>
    <subfield code="m">CL</subfield>
    <subfield code="r">2013-03-10 00:00:00</subfield>
    <subfield code="t">BOOK</subfield>
    <subfield code="w">ddc</subfield>
    <subfield code="y">0</subfield>
  </datafield>
  <datafield tag="952" ind1=" " ind2=" ">
    <subfield code="1">0</subfield>
    <subfield code="2">2013-03-10</subfield>
    <subfield code="4">0</subfield>
    <subfield code="7">0</subfield>
    <subfield code="a">237.3 &#xD9;&#x85;&#xD8;&#xAC;3 &#xD8;&#xB7; &#xD8;&#xB3; &#xD9;&#x83;</subfield>
    <subfield code="d">2011-10-06</subfield>
    <subfield code="h">CL</subfield>
    <subfield code="i">00069792</subfield>
    <subfield code="m">CL</subfield>
    <subfield code="r">2013-03-10 00:00:00</subfield>
    <subfield code="t">BOOK</subfield>
    <subfield code="w">ddc</subfield>
    <subfield code="y">0</subfield>
  </datafield>
  <datafield tag="952" ind1=" " ind2=" ">
    <subfield code="1">0</subfield>
    <subfield code="2">2013-03-10</subfield>
    <subfield code="4">0</subfield>
    <subfield code="7">0</subfield>
    <subfield code="a">237.3 &#xD9;&#x85;&#xD8;&#xAC;3 &#xD8;&#xB7; &#xD8;&#xB3; &#xD9;&#x83;</subfield>
    <subfield code="d">2011-10-06</subfield>
    <subfield code="h">CL</subfield>
    <subfield code="i">00069793</subfield>
    <subfield code="m">CL</subfield>
    <subfield code="r">2013-03-10 00:00:00</subfield>
    <subfield code="t">BOOK</subfield>
    <subfield code="w">ddc</subfield>
    <subfield code="y">0</subfield>
  </datafield>
</record>
